| Tag |
First Indicator |
Second Indicator |
Subfields |
| LEADER |
00000cam a2200000Ia 4500 |
| 001 |
in00002575348 |
| 005 |
20151201152310.0 |
| 008 |
100519s2010 enk b 001 0 eng d |
| 019 |
|
|
|a 466343698
|a 551906438
|
| 020 |
|
|
|a 9781847063380 (hardback)
|
| 020 |
|
|
|a 1847063381 (hardback)
|
| 020 |
|
|
|a 9781847063397 (paperback)
|
| 020 |
|
|
|a 184706339X (paperback)
|
| 029 |
1 |
|
|a DEBBG
|b BV036097106
|
| 035 |
|
|
|a (OCoLC)ocn621251881
|
| 035 |
|
|
|a (OCoLC)621251881
|
| 040 |
|
|
|a NYP
|b eng
|c NYP
|d DAY
|d BTCTA
|d YDXCP
|d DEBBG
|d BWX
|d UtOrBLW
|
| 049 |
|
|
|a TXAM
|
| 082 |
0 |
4 |
|a 820.8009
|
| 084 |
|
|
|a HM 2895
|2 rvk
|
| 090 |
|
|
|a PR6013.R44
|b Z63183 2010
|
| 100 |
1 |
|
|a Brennan, Michael G.
|
| 245 |
1 |
0 |
|a Graham Greene :
|b fictions, faith and authorship /
|c Michael G. Brennan.
|
| 264 |
|
1 |
|a London ;
|a New York :
|b Continuum Intl. Pub. Group,
|c [2010]
|
| 264 |
|
4 |
|c ©2010
|
| 300 |
|
|
|a xiii, 173 pages ;
|c 24 cm.
|
| 336 |
|
|
|a text
|b txt
|2 rdacontent
|
| 337 |
|
|
|a unmediated
|b n
|2 rdamedia
|
| 338 |
|
|
|a volume
|b nc
|2 rdacarrier
|
| 504 |
|
|
|a Includes bibliographical references (pages [163]-165) and index.
|
| 600 |
1 |
0 |
|a Greene, Graham,
|d 1904-1991
|x Criticism and interpretation.
|
| 600 |
1 |
7 |
|a Greene, Graham.
|2 swd
|
| 936 |
|
|
|a PR 466343698
|
| 938 |
|
|
|a Baker and Taylor
|b BTCP
|n BK0008664410
|
| 938 |
|
|
|a Blackwell Book Service
|b BBUS
|n R9849996
|c $29.95
|
| 938 |
|
|
|a YBP Library Services
|b YANK
|n 3167879
|
| 945 |
|
|
|a PromptCat
|b 15385
|
| 946 |
|
|
|a stk
|
| 947 |
|
|
|a A14840179862
|
| 994 |
|
|
|a 92
|b TXA
|
| 948 |
|
|
|a Cataloged
|b h
|c 2010/7/1
|d c
|e ibarton
|
| 999 |
|
|
|a MARS
|
| 999 |
f |
f |
|s 7ebe95ce-9614-3af1-b0fe-ea1f4816585f
|i 5a95c40d-e1ee-3025-b0fe-dc82623ecbd7
|t 0
|
| 952 |
f |
f |
|p normal
|a Texas A&M University
|b College Station
|c Sterling C. Evans Library
|d Evans: Library Stacks
|t 0
|e PR6013.R44 Z63183 2010
|h Library of Congress classification
|i unmediated -- volume
|m A14840179862
|
| 998 |
f |
f |
|a PR6013.R44 Z63183 2010
|t 0
|l Evans: Library Stacks
|